Catálogo
 En Linea

Juicios a opositores pacíficos en Cuba : (Registro nro. 22073)

Detalles MARC
000 -CABECERA
campo de control de longitud fija 00723nam a2200205 a 4500
001 - NÚMERO DE CONTROL
campo de control 000022576
005 - FECHA Y HORA DE LA ÚLTIMA TRANSACCIÓN
campo de control 20200930021702.0
008 - DATOS DE LONGITUD FIJA--INFORMACIÓN GENERAL
campo de control de longitud fija 101013s2004 cu ac 001 0 spa d
020 ## - NÚMERO INTERNACIONAL ESTÁNDAR DEL LIBRO
Número Internacional Estándar del Libro 1890829250
040 ## - FUENTE DE LA CATALOGACIÓN
Centro catalogador/agencia de origen DO-SdBNP
Lengua de catalogación spa
Centro/agencia transcriptor BNPHU
082 ## - NÚMERO DE LA CLASIFICACIÓN DECIMAL DEWEY
Número de clasificación xxxx
Número de documento/Ítem H557j
049 ## - FONDOS LOCALES (OCLC)
Fondos de biblioteca BNPD
100 1# - ENTRADA PRINCIPAL--NOMBRE DE PERSONA
Nombre de persona Hernández Trujillo, Frank
9 (RLIN) 46466
245 10 - MENCIÓN DE TÍTULO
Título Juicios a opositores pacíficos en Cuba :
Resto del título terrorismo de Estado /
Mención de responsabilidad, etc. Frank Hernández Trujillo, Juan F. Benemelis.
260 ## - PUBLICACIÓN, DISTRIBUCIÓN, ETC.
Lugar de publicación, distribución, etc. Miami :
Nombre del editor, distribuidor, etc. Grupo de Apollo a la Democracia (GAD),
Fecha de publicación, distribución, etc. 2004.
Fabricante Rodes Printing
300 ## - DESCRIPCIÓN FÍSICA
Extensión 396 p. :
Otras características físicas il., retrs. ;
Dimensiones 28 cm.
490 1# - MENCIÓN DE SERIE
Mención de serie Documentos para la Historia
700 1# - PUNTO DE ACCESO ADICIONAL--NOMBRE DE PERSONA
Nombre de persona Benemelis, Juan F.
9 (RLIN) 46467
830 #0 - PUNTO DE ACCESO ADICIONAL DE SERIE-TÍTULO UNIFORME
Título uniforme Documentos para la Historia
9 (RLIN) 46468
Existencias
Estado de retiro Estado de pérdida Restricciones de uso No para préstamo Código de colección Localización permanente Ubicación/localización actual Ubicación en estantería Fecha de adquisición Número de inventario Total de préstamos Signatura topográfica completa Código de barras Fecha visto por última vez Precio válido a partir de Tipo de ítem Koha
      Excluido de préstamo Monografías: Libros y Folletos General General En catalogación 13.10.2010 LF1   xxxx H557j 22576-10 25.06.2020 25.06.2020 No se presta

Con tecnología Koha